Le Guyana pour les touristes... - Statistiques

Statistiques générales
  • Ce quiz a été pris 5 fois
  • Le résultat moyen est 10 sur 20
Statistiques - réponses
Question Indice Réponses % Correct
Combien d'heures (environ) mettrez-vous pour vous y rendre ? (en chiffres) 10
80%
Dans la capitale quel est le décalage horaire avec Paris ? (+ ou - et chiffre) ex - 10 - 6
80%
Quelles sont les langues officielles ? Anglais
80%
La conduite se fait à droite ou à gauche ? Gauche
80%
Le principal aéroport est G Georgetown
80%
Quelles sont les principaux lieux touristiques ? G Georgetown
80%
La vitesse est limitée hors des villes à {100} km/h
60%
Comment se nomme la principale compagnie aérienne locale A G Air Guyana
60%
Quelles sont les langues officielles ? C Créole
60%
Quel est le climat local ? E Equatorial
60%
Le suffixe internet est gy
60%
Avez-vous besoin d'un visa ? (oui/non) Non
60%
Quelles sont les langues officielles ? H Hindi
40%
Quelles sont les langues officielles ? U Urdu
40%
La religion majoritaire est Christianisme
20%
Quelles sont les principaux lieux touristiques ? K Chutes de {Kaieteur}
20%
Quelle est la monnaie ? Dollar de Guyana
20%
Quelles sont les principaux lieux touristiques ? E {Essequibo} River
20%
2/ Pour faire les courses 2/ Pour faire les courses Panier
20%
Achats à faire 1/ Objets décorés de 1/ Objets décorés de Plumes
20%
Aucun quiz correspondant
Distribution des résultats
% des personnes avec chaque résultat
Percentile par nombre de réponses
Votre historique - résultats
Vous n’avez pas pris ce quiz